000 00607nam a2200217Ia 4500
003 OSt
005 20220928151300.0
006 a|||||r|||| 00| 0
007 ta
008 220927b |||||||| |||| 00| 0 eng d
024 _a122622
037 _cTextual
040 _aSDCL
_cSDCL
_beng
041 _2eng
_aeng
082 _aO122,3L13,1:g, L3
100 _aKavanagh Thomas M
_9516873
245 0 _aVacant mirror
_b A study of mimesis through Diderot's Jacques le fataliste.
260 _c1973
942 _hO122,3L13,1:g, L3
_cTEXL
_2CC
999 _c850877
_d850877